Films de Mamoru Hosoda en images - Statistiques

Statistiques générales
  • Ce quiz a été pris 23 fois
  • Le résultat moyen est 5 sur 8
Statistiques - réponses
Par images Hint Réponse % Correct
2005 One Piece : Le Baron Omatsuri et l'Île secrète
95%
2012 Les Enfants loups, Ame et Yuki
82%
2015 Le Garçon et la Bête
73%
2021 Belle
64%
2009 Summer Wars
64%
2006 La Traversée du Temps
55%
2018 Miraï, ma petite sœur
55%
2025 Scarlet et l'éternité
32%
Aucun quiz correspondant
Distribution des résultats
% des personnes avec chaque résultat
Percentile par nombre de réponses
Votre historique - résultats
Vous n’avez pas pris ce quiz